Comment s'appellent les habitants de ces pays ? - Statistiques

Statistiques générales
  • Ce quiz a été pris 420 fois
  • Le résultat moyen est 5 sur 8
Statistiques - réponses
Nom du pays Habitant de ce pays % Correct
2 Qatar Qatari
93%
5 Monaco Monégasque
89%
4 Chypre Chypriote
84%
7 Kosovo Kosovar
75%
1 Monténégro Monténégrin
60%
3 Turkménistan Turkmène
45%
6 Costa Rica Costaricien
36%
8 Kiribati Gilbertin
10%
Aucun quiz correspondant
Distribution des résultats
% des personnes avec chaque résultat
Percentile par nombre de réponses
Votre historique - résultats
Vous n’avez pas pris ce quiz